000 00517nam a2200181Ia 4500
999 _c28381
_d28381
003 OSt
005 20201110144403.0
008 190216s9999||||xx |||||||||||||| ||und||
020 _a9788171809820
040 _coclc
082 _a894.8123
_bKAK/H
100 _aKakkattil, Akbar
_96409
245 0 _aHarithabhakalkappuram /
_cAkbar Kakkattil
260 _bPoorna Publications,
_a Kozhikode:
_c1997.
300 _a96p
650 _aNovel
942 _cBK
_2ddc
_h894.8123
_iKAK/H
_k894.8123
_mKAK/H